000 00638nam a2200217Ii 4500
003 JO-AjNU
008 230606s9999||||xx |||||||||||||| ||und||
020 _a0-273-03310-7
040 _aJO-AjNU
_beng
_erda
_cJO-AjNU
041 _aeng
050 1 4 _aHF5635 .G428 1991
100 3 _aGlautier,M W E/ Underdown B,
_eauthor
_93425
245 0 0 _aAccounting Theory and Practice
250 _a4th ed
264 3 1 _aLondon: Pitman Publishing,1991
300 _a660p
_b Includes indexes(p643-660)
336 _atext
_btxt
_2rdacontent
337 _aunmediated
_bn
_2rdamedia
338 _avolume
_bnc
_2rdacarrier
650 4 _aAccounting
_93426
999 _aE1788
_c1788
_d1788